000 00648nas a2200241 4500
001 BR8804464
003 BR-BrBNA
005 20231205091237.0
007 ta
008 230509b bl.|||p| |||| 00| 00por d
040 _aBR-BrBNA
_bpor
_cBiblioteca Nacional de Agricultura
041 _a(Pt)
072 _aP10
100 1 _aSouza, B.C. de
245 1 _aTratamento de agua
650 _aAGUA
650 _aCLORO
650 _aPRODUCAO ANIMAL
650 _aFRANGO
773 0 _tAvicultura Industrial (Brazil)
_xISSN 0101-2258
_g(Oct 1987), v. 77(934) p. 36-46
_wBR8804464
909 _a202311
_bLúcia
_c55
_dLúcia Elande
942 _2AGRIS
_n0
_cANA
999 _c123813
_d123813